000 00665cam a2200253 4500
001 M1262
008 090401t1993 xxu||||| |||| 00| 0 eng d
035 _a(Sirsi) u30830
041 _aeng
050 _a620.86
100 _aWebber, G.M.B.
245 _aEmergency wayfinding lighting systems.
260 _aGarston, Watford
_bBuilding Research Establishment
_c1993
300 _a(4)p. ; 30cm.
350 _a0
490 _aBRE Information Paper
_v1/93
650 _aFIRE
650 _aLIGHTING
650 _aSAFETY
690 _aBUILT ENVIRONMENT-BUILDING STANDARDS
710 _aBuilding Research Establishment
942 _n0
948 _c04/03/1997
999 _c89515
_d89515